000 00277nam a22001337a 4500
008 171012b xxu||||| |||| 00| 0 eng d
020 _a0521295610
041 _aeng
080 _a316
100 _a50
101 _aSOC
245 _aTHE KUNG SAN
_cLEE,R,.B
942 _2udc
_cBK
999 _c33495
_d33495